000 00548nam a2200181 i 4500
001 36566
003 ES-MaACL
005 20230906155408.0
007 t|
008 030218s1972 sp ||||1| spa d
100 1 _aBrau, Jean-Louis.
_931398
245 1 0 _aBiografía de Antonin Artaud /
_cJean-Louis Brau ; [traducción: Joaquín Jordá].
260 _aBarcelona :
_bAnagrama,
_c[1972]
300 _a202 p., 6 lám. ;
_c20 cm.
600 0 4 _aArtaud, Antonin.
_923422
700 1 _aJordá, Joaquín.
_966895
852 _aES-MaACL
_jC-49938
_bR.85130
999 _c36566
_d36566